Sports Quiz

Random Sports or MLB Quiz

Boston Red Sox Trades Since 2000 Quiz Stats

 Plays Quiz not verified by Sporcle

Also try: Sprint Cup ROY
Challenge
Share
Tweet
Embed
Score 0/10 Timer 02:00
0 Plays Today
Players Traded Players Received % Correct
Hanley Ramirez, Anibal Sanchez, Jesus Delgado, Harvey Garcia, Josh Beckett, Mike Lowell
90.3%
Casey Kelly, Anthony Rizzo, Reymond FuentesAdrian Gonzalez
84.7%
Manny Ramirez, Craig Hansen, Brandon MossJason Bay
77.8%
Nomar GarciaparraOrlando Cabrera, Doug Mientkiewicz
76%
Justin Masterson, Bryan Price, Nick HagadoneVictor Martinez
63.8%
Casey Fossum, Brandon Lyon, Jorge De La Rosa, Michael GossCurt Schilling
55.1%
Andy Marte, Guillermo Mota, Kelly ShoppachCoco Crisp
40.8%
Shea HillenbrandByung-Hyun Kim
31.1%
Henri StanleyDave Roberts
27.6%
Justin DuchschererDoug Mirabelli
13.8%

You're not logged in!

Compare scores with friends on all Sporcle quizzes.
OR
Log In

You Might Also Like...

Show Comments

Extras

Top Quizzes Today


Score Distribution

Your Account Isn't Verified!

In order to create a playlist on Sporcle, you need to verify the email address you used during registration. Go to your Sporcle Settings to finish the process.

Report this User

Report this user for behavior that violates our Community Guidelines.

Details: